| 000 | 00629nam a2200193 i 4500 | ||
|---|---|---|---|
| 001 | 102327 | ||
| 003 | ES-MaACL | ||
| 005 | 20231227062634.0 | ||
| 007 | t| | ||
| 008 | 051108s1944 po ||||1| spa d | ||
| 100 | 1 |
_aMenéndez Pidal, Ramón, _d1869-1968 _980315 |
|
| 245 | 1 | 0 |
_aEn torno a "Miragaia" de Garret / _cR. Menéndez Pidal. |
| 260 |
_aCoimbra : _bUniversidade de Coimbra. Facultad de Letras, _c1944. |
||
| 300 |
_a18 p. ; _c25 cm. |
||
| 500 | _aEs separata de Biblos. V.XX. | ||
| 710 | 2 |
_aUniversidade de Coimbra. _bFacultad de Letras. _97462 |
|
| 852 |
_aES-MaACL _j1858-F-9 _bR.22924 |
||
| 999 |
_c102327 _d102327 |
||